LEADER 01156nam a2200217 i 4500 001 000000153247 003 CaOOAMICUS 005 20060918000000.0 008 060918s1928 it u000 u ita u 013 $a130588 040 $aSeMil$bita 245 10$aAtlante delle colonie italiane :$bcon notizie geografiche ed economiche. [Edizione speciale per le scuole medie] /$cprof. Mario Baratta, prof. Luigi Visintin. 260 $aNovara :$bIstituto Geografico De Agostini,$c1928. 300 $aXV, 87 p. :$bill., [20] p. di tav.; 27 cm. 500 $aIn mezzo al front : edito sotto gli auspici del Ministero delle Colonie. 650 4$aColonie italiane - Guide.$0(OLS)http://semarc/subject/27630 700 1 $aVisintin, Luigi .$0(OLS)http://semarc/name/93210 850 $aSeMil 852 $aSeMil$W1$xVenegono$y1$m4Y IV 34$j105189$B105189$CSeMilBibl$Z2$F114417 $81 996 $6245$aAtlante delle colonie italiane :$bcon notizie geografiche ed economiche. [Edizione speciale per le scuole medie]$9(OLS)http://semarc/title/224157 996 $6260$aNovara :$bIstituto Geografico De Agostini$9(OLS)http://semarc/publisher/31865 LEADER 01365nam a2200301 4500 001 000000351967 003 CaOOAMICUS 005 20221121081458.0 008 221021s2014 it a 000 u ita r 020 $a978-88-915031-8-3 040 $aSeMil$bita 100 1 $aMancuso, Vito,$d<1962->.$0(OLS)http://semarc/name/1176 245 10$aSinai :$bla montagna sacra raccontata da due testimoni d'eccezione /$cVito Mancuso, Nives Meroi ; fotografie di Romano Benet. 264 1$aMilano :$bFabbri,$c2014. 300 $a175 p., [3] carte di tav. :$bill. ;$c22 cm 490 1 $aWild 650 4$aSinai .$0(OLS)http://semarc/subject/13036 650 4$aMontagna - Simbolismo.$0(OLS)http://semarc/subject/48971 700 1 $aMeroi, Nives,$d<1961- >.$0(OLS)http://semarc/name/116684 700 1 $aBenet, Romano.$0(OLS)http://semarc/name/116685 830 0$aWild.$0(OLS)http://semarc/title/441768 850 $aSeMil 852 $aSeMil$W1$xVenegono$y1$m2D III 296$j235395$B243148$CSeMilBibl$Z2$F243148 $81 961 $aVitali Nicoḷ - Lascito 996 $6020$a978-88-915031-8-3$9(OLS)http://semarc/number/296990 996 $6245$aSinai :$bla montagna sacra raccontata da due testimoni d'eccezione$9(OLS)http://semarc/title/441767 996 $6264$aMilano :$bFabbri$9(OLS)http://semarc/publisher/31524